Music Quiz

Random Music or Kpop Quiz
Score 0/200 Timer 20:00
0 Plays Today
Album Song % Correct
Sorry, SorrySorry, Sorry
94.7%
SinglesSorry, Sorry
94.7%
MamacitaMamacita (아야야)
93.4%
This Is Love (Special Edition)Mamacita (아야야)
93.4%
SinglesMamacita (아야야)
93.4%
Mr. SimpleMr.Simple
90.9%
A-Cha RepackageMr. Simple
90.9%
DevilDevil
90.9%
Magic RepackageDevil
90.9%
SinglesMr.Simple
90.9%
SinglesDevil
90.9%
Super Junior 05 (Twins)Twins (Knock Out)
89.7%
Sexy, Free & SingleSexy, Free & Single
89.7%
SPY RepackageSexy, Free & Single
89.7%
SinglesTwins (Knock Out)
89.7%
SinglesSexy, Free & Single
89.7%
Don't Don돈돈! (Don't Don)
89.1%
Singles돈돈! (Don't Don)
89.1%
PlayBlack Suit
88.4%
Replay RepackageBlack Suit
88.4%
SinglesBlack Suit
88.4%
Magic RepackageMagic
87.5%
SinglesMagic
87.5%
Bonomana미인아 (BONAMANA)
85.9%
MamacitaThis Is love
85.9%
This Is Love (Special Edition)This Is Love
85.9%
Singles미인아 (BONAMANA)
85.9%
SinglesThis is Love
85.9%
A-Cha RepackageA-Cha
84.4%
SinglesA-Cha
84.4%
SPY RepackageSPY
83.1%
SinglesSPY
83.1%
SinglesU
79.7%
Replay RepackageLo Siento
77.2%
Bonomana (Bonus Track)너 같은 사람 또 없어 (No Other)
71.6%
Singles너 같은 사람 또 없어 (No Other)
71.6%
This Is Love (Special Edition)Evanesce (백일몽)
68.4%
PlayOne More Chance (비처럼 가지 마요)
68.1%
Replay RepackageOne More Chance (비처럼 가지 마요)
68.1%
Super Junior 05 (Twins)Miracle
66.9%
SinglesMiracle
66.9%
A-Cha RepackageSuperman
65%
Sorry, Sorry (Bonus Track)너라고 (It's You)
63.4%
Singles너라고 (It's You)
63.4%
Don't DonMarry U
63.1%
SinglesMarry U
63.1%
Magic Repackage사랑♥ (Sarang♥)
60.3%
Mr. SimpleY
59.1%
A-Cha RepackageY
59.1%
Super Junior 05 (Twins)L.O.V.E
58.4%
Mr. Simple오페라 (Opera)
57.2%
MamacitaShirt
57.2%
This Is Love (Special Edition)Shirt
57.2%
PlayRunaway
50.3%
Replay RepackageRunaway
50.3%
PlayScene Stealer
49.1%
Replay RepackageScene Stealer
49.1%
Bonomana나쁜 여자 (Boom Boom)
47.8%
PlayI Do (두 번째 고백)
47.8%
Replay RepackageI Do (두 번째 고백)
47.8%
Sexy, Free & SingleRockstar
47.2%
SPY RepackageRockstar
47.2%
Sexy, Free & Single너로부터 (From U)
46.9%
SPY Repackage너로부터 (From U)
46.9%
MamacitaIslands
46.9%
This Is Love (Special Edition)Islands
46.9%
PlayGood Day for a Good Day
45.9%
Album Song % Correct
Replay RepackageGood Day for a Good Day
45.9%
A-Cha Repackage하루에 (A Day)
45.6%
PlaySpin Up!
45%
Replay RepackageSpin Up!
45%
MamacitaMidnight Blues (춤을 춘다)
44.7%
This Is Love (Special Edition)Midnight Blues (춤을 춘다)
44.7%
Don't Don소원이 있나요 (Sapphire Blue)
43.8%
PlayGirlfriend (예뻐 보여)
43.8%
Replay RepackageSuper Duper
43.8%
Replay RepackageGirlfriend (예뻐 보여)
43.8%
SinglesHappiness
43.4%
Sexy, Free & SingleGulliver (걸리버)
43.1%
SPY RepackageGulliver (걸리버)
43.1%
Magic RepackageDorothy
43.1%
Mr. SimpleWalkin'
42.5%
A-Cha RepackageWalkin'
42.5%
MamacitaToo Many Beautiful Girls
42.2%
This Is Love (Special Edition)Don't Leave Me
42.2%
This Is Love (Special Edition)Too Many Beautiful Girls
42.2%
PlayThe Lucky Ones
42.2%
Replay RepackageThe Lucky Ones
42.2%
DevilAlright
41.9%
Magic RepackageAlright
41.9%
BonomanaShake It Up!
41.3%
Sexy, Free & Single머문다 (Daydream)
40.9%
SPY Repackage머문다 (Daydream)
40.9%
Super Junior 05 (Twins)So I
39.7%
Mr. SimpleMy Love, My Kiss, My Heart
39.7%
A-Cha RepackageMy Love, My Kiss, My Heart
39.7%
PlayToo Late (시간 차)
39.7%
Replay RepackageToo Late (시간 차)
39.7%
MamacitaLet's Dance
39.1%
This Is Love (Special Edition)Let's Dance
39.1%
Sorry, SorryAngela (앤젤라)
38.4%
Sorry, SorryClub No.1
38.4%
Mr. Simple기억을 따라 (Memories)
38.4%
A-Cha Repackage기억을 따라 (Memories)
38.4%
DevilWe Can
38.4%
Magic RepackageWe Can
38.4%
Sorry, SorryMonster
38.1%
Sexy, Free & Single빠삐용 (Butterly)
38.1%
SPY Repackage빠삐용 (Butterly)
38.1%
Replay RepackageHug
38.1%
Mr. Simple폭풍 (Storm)
37.8%
Mr. Simple해바라기 (Sunflower)
37.8%
A-Cha Repackage폭풍 (Storm)
37.8%
A-Cha Repackage해바라기 (Sunflower)
37.8%
SinglesDancing Out
37.8%
Sorry, Sorry이별... 넌 쉽니 (Heartquake)
37.5%
A-Cha RepackageAndante (안단테)
37.5%
Mamacita사랑이 멎지 않게 (Raining Spell for Love)
37.5%
This Is Love (Special Edition)사랑이 멎지 않게 (Raining Spell for Love)
37.5%
Sorry, Sorry니가 좋은 이유 (Why I Like You)
37.2%
SPY Repackage하루 (Haru)
37.2%
Bonomana응결 (Coagulation)
36.9%
Sexy, Free & Single달콤씁쓸 (Bittersweet)
36.9%
SPY Repackage달콤씁쓸 (Bittersweet)
36.9%
Super Junior 05 (Twins)Believe
36.6%
SPY RepackageOnly U
36.6%
Mamacita환절기 (Mid-Season)
36.6%
This Is Love (Special Edition)환절기 (Mid-Season)
36.6%
DevilDon't Wake Me Up
36.6%
Magic RepackageDon't Wake Me Up
36.6%
Sorry, SorryShining Star
36.3%
Mr. Simple어느새 우린 (Good Friends)
35.9%
A-Cha Repackage어느새 우린 (Good Friends)
35.9%
Replay RepackageMe & U
35.9%
Album Song % Correct
Mr. Simple엉뚱한 상상 (White Christmas)
35.6%
A-Cha Repackage엉뚱한 상상 (White Christmas)
35.6%
Sexy, Free & Single언젠가는 (Someday)
35.6%
SPY Repackage언젠가는 (Someday)
35.6%
Sorry, SorryReset
35.3%
Don't Don우리들의 사랑 (Our Love)
34.7%
Super Junior 05 (Twins)Over
34.4%
Don't Don거울 (Mirror)
34.4%
Sorry, Sorry마주치지 말자 (Let's not...)
34.4%
Don't Don (Bonus Track)갈증 (A Man In Love)
34.1%
Mr. Simple라라라라 (Be My Girl)
34.1%
A-Cha Repackage라라라라 (Be My Girl)
34.1%
Don't DonDisco Drive
33.8%
Sexy, Free & Single헤어지는 날 (A 'Good' Bye)
33.8%
SPY Repackage헤어지는 날 (A 'Good' Bye)
33.8%
DevilLove At First Sight (첫눈에 반했습니다)
33.8%
Magic RepackageLove At First Sight (첫눈에 반했습니다)
33.8%
A-Cha RepackageOops!
33.4%
Super Junior 05 (Twins)You Are the One
33.1%
Super Junior 05 (Twins)Rock this House
33.1%
Bonomana봄날 (One Fine Spring Day)
33.1%
Don't Don아주 먼 옛날 (Song for You)
32.8%
BonomanaHere We Go
32.8%
Bonomana (Bonus Track)좋은 사람 (Good Person)
32.8%
Mr. Simple결투 (Feels Good)
32.8%
A-Cha Repackage결투 (Feels Good)
32.8%
Don't DonMidnight Fantasy
32.5%
Sorry, SorryWhat If
32.2%
Sorry, Sorry (Bonus Track)그녀는 위험해 (She Wants It)
32.2%
Bonomana (Bonus Track)진심 (All My Heart)
32.2%
Sexy, Free & SingleNOW
32.2%
SPY RepackageNOW
32.2%
Devil별이 뜬다 (Stars Appear...)
32.2%
Magic Repackage별이 뜬다 (Stars Appear...)
32.2%
Bonomana나란 사람 (Your Eyes)
31.9%
Bonomana잠들고 싶어 (In My Dream)
31.9%
This Is Love (Special Edition)Hit Me Up
31.6%
This Is Love (Special Edition)중 (...ing)
31.6%
DevilSimply Beautiful
31.6%
Magic RepackageSimply Beautiful
31.6%
Super Junior 05 (Twins)차근차근 (Way for Love)
31.3%
Don't Don사랑이 떠나다 (She's Gone)
31.3%
Sorry, Sorry죽어있는 것 (Dead at Heart)
31.3%
Super Junior 05 (Twins)Keep in Touch
30.6%
Sorry, Sorry (Bonus Track)사랑이 죽는 병 (Love Disease)
30.6%
Mr. Simple (Bonus Track)태완미 (Perfection)
30.6%
Bonomana (Bonus Track)여행 (A Short Journey)
30.3%
Don't DonI Am
30%
Don't DonThank You
29.7%
Sorry, SorryHappy Together
29.7%
Bonomana사랑이 이렇게 (My All Is In You)
29.7%
DevilGood Love
29.1%
Magic RepackageGood Love
29.1%
Don't DonYou're My Endless Love (말하자면)
28.8%
Don't Don미워 (Hate U, Love U)
28.8%
BonomanaMy Only Girl
28.1%
SPY RepackageOutsider
28.1%
DevilRock'n Shine!
27.8%
Magic RepackageRock'n Shine!
27.8%
Magic Repackage놈, 놈, 놈 (You Got It)
27.5%
Don't DonMissin' U
26.9%
Sorry, Sorry (Bonus Track)첫번째 이야기 (Love U More)
25.6%
DevilForever With You
25.6%
Magic RepackageForever With You
25.6%
Don't Don (Bonus Track)마지막 승부 (The Girl is Mine)
24.1%
SinglesSanta U Are the One
21.3%
Come Together.
Have Fun.
All Virtual.
We all need to come together. Play Sporcle's virtual live trivia to have fun, connect with people, and get your trivia on. Join a live hosted trivia game for your favorite pub trivia experience done virtually. If a virtual private party is more your thing, go here for details.

You're not logged in!

Compare scores with friends on all Sporcle quizzes.
OR
Log In

Sporcle TV

Today on Sporcle TV


Watch our educational content, quiz creation guides, and fun videos on Sporcle TV.

Show Comments

Extras

Top Quizzes Today


Score Distribution

Paid Content

Your Account Isn't Verified!

In order to create a playlist on Sporcle, you need to verify the email address you used during registration. Go to your Sporcle Settings to finish the process.

Report this User

Report this user for behavior that violates our Community Guidelines.

Details: